000 00677nam a2200265Ia 4500
005 20260121170322.0
008 008 260114s9999 xx 000 0 eng d
020 _a9781137581037
037 _aEBOOK
040 _aCRL
040 _beng
040 _cCRL
041 _2eng
041 _aeng
084 _qCRL
100 _aMarina Orsini-Jones, Fiona Lee
_91062447
245 0 _aIntercultural Communicative Competence for Global Citizenship
260 _bSpringer
260 _bSpringer
260 _c2018
856 _uhttps://link.springer.com/openurl?genre=book&isbn=978-1-137-58103-7
942 _cEBOOK
999 _c1628176
_d1628176